000 00281nam a22001217a 4500
040 _cHS
082 _a551
100 _aពេជ សំណាង
245 _aMeteorology : ឧតុនិយម
260 _aRUA
_bពេជ សំណាង
_c2008
300 _a35p;
942 _cKB
999 _c10191
_d10191